Statistics for Forever & Always (TV) - Taylor Swift (All Lyrics)

Click here to take the quiz!

General Stats

  • This quiz has been taken 45 times
    (20 since last reset)
  • The average score is 356 of 409

Answer Stats

Lyrics% Correct
a
100%
And
100%
and
100%
I
100%
it
100%
It
100%
it,
100%
the
100%
to
100%
Was
100%
was
100%
we
100%
when
100%
You
100%
you
100%
your
100%
you're
100%
all
92%
always,"
92%
always"
92%
Baby,
92%
baby,
92%
baby
92%
believe
92%
for
92%
"Forever
92%
in
92%
me
92%
Once
92%
rains
92%
said,
92%
so
92%
So
92%
there
92%
time
92%
Tuesday
92%
up
92%
up,
92%
upon
92%
Where
92%
at
85%
but
85%
caught
85%
'Cause
85%
'Cause,
85%
Did
85%
don't
85%
everythin'
85%
eye
85%
feel
85%
flashback
85%
he
85%
here
85%
is
85%
just
85%
loved
85%
not
85%
nothin'
85%
seems
85%
then
85%
what
85%
anymore
77%
Back
77%
back
77%
bedroom,
77%
called
77%
can't
77%
everything
77%
everything?
77%
going?
77%
gone
77%
hasn't
77%
I'm
77%
looked
77%
never
77%
night
77%
Oh,
77%
oh
77%
phone,
77%
somethin'
77%
still
77%
told
77%
too
77%
Were
77%
almost
69%
boy?
69%
didn't
69%
door
69%
down
69%
down,
69%
eyes
69%
forget
69%
halfway
69%
happened?
69%
hide
69%
kiddin'?
69%
knew
69%
Like
69%
line?
69%
little
69%
mean
69%
now
69%
Now
69%
of
69%
onto
69%
out
69%
run
69%
say
69%
scared
69%
second,
69%
stare
69%
sure
69%
thing
69%
think
69%
this
69%
This
69%
way
69%
welcome
69%
wrong
69%
breaking
62%
here's
62%
Here's
62%
honest,
62%
into
62%
low
62%
made
62%
minute,
62%
perfect
62%
Please,
62%
that
62%
yeah
62%
coming
54%
core
54%
hold
54%
one
54%
silence
54%
speak
54%
tell
54%
Thought
54%
cuts
46%
woah
38%

Score Distribution

Percentile by Number Answered

Percent of People with Each Score

Your Score History

You have not taken this quiz since the last reset